Computer Aided Design (Record no. 4704)

MARC details
000 -LEADER
fixed length control field 00401nam a22001697a 4500
005 - DATE AND TIME OF LATEST TRANSACTION
control field 20160629140344.0
008 - FIXED-LENGTH DATA ELEMENTS--GENERAL INFORMATION
fixed length control field 160629b xxu||||| |||| 00| 0 eng d
020 ## - INTERNATIONAL STANDARD BOOK NUMBER
ISBN 81-89757-76-8
041 ## - LANGUAGE CODE
Language code of text/sound track or separate title eng
082 ## - DEWEY DECIMAL CLASSIFICATION NUMBER
Item number 11059
100 ## - MAIN ENTRY--AUTHOR NAME
Personal name Sharma, Vikaram
245 ## - TITLE STATEMENT
Title Computer Aided Design
260 ## - PUBLICATION, DISTRIBUTION, ETC. (IMPRINT)
Name of publisher Katson Books
Year of publication 2011
300 ## - PHYSICAL DESCRIPTION
Number of Pages 387
650 ## - SUBJECT ADDED ENTRY--TOPICAL TERM
Topical Term Information Technology
942 ## - ADDED ENTRY ELEMENTS (KOHA)
Koha item type Books
Holdings
Lost status Damaged status Home library Current library Shelving location Date acquired Cost, normal purchase price Full call number Accession Number Koha item type Collection code
    JRU Library   Shelf - 27- H 29/06/2016 245.00 11059 11059 Books  
    JRU Library JRU Library SHELF-52-H 29/06/2016 245.00 006.6 11060 Books CS/IT
    JRU Library   Shelf - 27- H 29/06/2016 245.00 11059 11061 Books  
    JRU Library JRU Library SHELF-52-H 29/06/2016 245.00 006.6 11062 Books CS/IT
    JRU Library JRU Library SHELF-52-H 29/06/2016 245.00 006.6 11063 Books CS/IT
    JRU Library JRU Library SHELF-52-H 29/06/2016 245.00 006.6 11064 Books CS/IT
    JRU Library JRU Library SHELF-52-J 29/06/2016 245.00 006.6 11065 Books CS/IT
    JRU Library JRU Library SHELF-52-H 29/06/2016 245.00 006.6 11066 Books CS/IT
    JRU Library JRU Library SHELF-52-H 29/06/2016 245.00 006.6 11067 Books CS/IT
    JRU Library JRU Library SHELF-52-H 29/06/2016 245.00 006.6 11068 Books CS/IT
    JRU Library JRU Library SHELF-52-J 29/06/2016 245.00 006.6 11069 Books CS/IT
    JRU Library JRU Library SHELF-52-H 29/06/2016 245.00 006.6 11070 Books CS/IT
    JRU Library JRU Library SHELF-52-H 29/06/2016 245.00 006.6 11071 Books CS/IT
    JRU Library JRU Library SHELF-52-H 29/06/2016 245.00 006.6 11072 Books CS/IT
    JRU Library JRU Library SHELF-52-H 29/06/2016 245.00 006.6 11073 Books CS/IT
    JRU Library   Shelf - 27- H 29/06/2016 245.00 11059 11074 Books  
    JRU Library   Shelf - 27- H 29/06/2016 245.00 11059 11075 Books  
    JRU Library   Shelf - 27- H 29/06/2016 245.00 11059 11076 Books  
    JRU Library   Shelf - 27- H 29/06/2016 245.00 11059 11077 Books  
    JRU Library JRU Library SHELF-52-J 29/06/2016 245.00 006.6 11078 Books CS/IT